| 000 | 00568nam a22001817a 4500 | ||
|---|---|---|---|
| 003 | OSt | ||
| 005 | 20260203032214.0 | ||
| 008 | 260203b |||||||| |||| 00| 0 eng d | ||
| 020 | _a0-07-282931-1 | ||
| 040 |
_aDWC-Main Lib _cOC |
||
| 082 | _aGR. 103.21 P937 2000 | ||
| 100 | _aPence, G. | ||
| 245 |
_aA dictionary of common philosophical terms _cPence, Gregory |
||
| 260 |
_aBoston : _bMcGraw Hill, _cc2000 |
||
| 300 |
_a57 p.ages : _c 23 cm |
||
| 650 | _aPhilosophy--Dictionaries. | ||
| 942 |
_2ddc _cGR _hGR. 103.21 P937 2000 _kGR. _n0 |
||
| 999 |
_c8170 _d8170 |
||